000 00704nam a2200181 i 4500
001 180963
003 ES-MaACL
005 20230906221230.0
008 120913s1988 sp |||| | spa d
080 _a929 Aguirre Gonzalo, José María
100 0 _aGarcía-Diego, José A.
_954541
245 1 0 _aJosé María Aguirre
_b: 1897-1988 /
_cpor José A. García-Diego.
260 _aSan Sebastián :
_bReal Sociedad Bascongada de los Amigos del País,
_c1988.
300 _a8 p. :
_b1 retr. ;
_c21 cm.
595 _aSeparata del Boletín de la Real Sociedad Bascongada de los Amigos del País, año XLIV, cuadernos 3-4.
600 0 4 _aAguirre Gonzalo, José María.
_918879
852 _aES-MaACL
_j2316-F-7
999 _c180963
_d180963